000
00296nam a22001217a 4500
020
_a
0-02-946227-4
082
_a
604.2 GIE
100
_a
GIESECKE FREDERICKE E ,MITCHELL ALVA
_9
61337
245
_a
PRINCIPLES OF ENGINEERING GRAPHICS
260
_a
PDF
_b
PDF
_c
1990
300
_a
703P
942
_c
BK
999
_c
570825
_d
570825